000 01219nam a22003377i 4500
003 EG-GICUC
005 20260121101531.0
008 251222s1973 fr ||||fr|||| 00| 0 fre d
020 _a2249004113
040 _aEG-GiCUC
_bfre
_cEG-GiCUC
_dEG-GiCUC
_eRda
041 _afre
082 0 4 _221
_a341.84
_bMA . D
092 0 4 _221
099 _aLaw1 12 341.84 MA . D 1973
100 1 _aMayer, Pierre,
_d1944 -2025,
_eAuteur
245 1 3 _aLa Distinction Entre Règles Et Décisions Et Le Droit International Privé /
_cPar Pierre Mayer ; Préface de Henri Batiffol.
264 1 _aParis :
_bDalloz
_c1973.
300 _axi, 244 pages ;
_c 24 cm.
336 _2rda contenu
_a texte
337 _2rda medias
_aOrdinateur
338 _2 transporteur rda
_a Ressource en ligne
490 0 _aBibliothèque de droit international privé ;
_vv. 17.
504 _aInclude Bibliography: pages 227-235 And Bibliographic references
546 _aTexte en français
650 1 4 _aConflit de lois
_xDroit international privé
_2qrmak
651 1 _2qrmak
700 1 _aBatiffol, Henri
_d1905-1989,
_ePréfacier
856 4 0 _uhttps://fll.law.cu.edu.eg/fulltext/bks/B12-01686.pdf
905 _a75
_eYara
942 _2ddc
_cBK
_e21
_n0
999 _c52108
_d52108